00827nam a2200217u 450000100060000000300080000600500170001400800390003103500190007004000330008904100080012208200210013010000520015124501440020325000240034726000420037130000310041350400510044465000660049565100480056127331BD-RjUL20211209051136.0140325t19641948nyu 001 0 eng a(BD-RjUL)27404 aDLCcCarPdDLCdBD-RjULbeng aeng a975.44bDID 19641 aDick, Everett Newfon,d1898- [from old catalog]14aThe Dixie frontier :ba social history of the southern frontier from the first transmontane beginnings to the Civil War /cby Everett Dick. aCapricorn books ed. aNew York :bCapricorn,cc1948 [1964]. axix, 374, xxv p. ;c22 cm. aIncludes bibliographical references and index. 0aFrontier and pioneer lifezSouthwest, Old. [from old catalog] 0aSouthwest, OldxHistory. [from old catalog]